Forms of collective violence: riots, pogroms, and genocide in modern India (Record no. 5712)

MARC details
000 -LEADER
fixed length control field 00426nam a2200157Ia 4500
020 ## - INTERNATIONAL STANDARD BOOK NUMBER
ISBN 81-88789-39-9
082 ## - DEWEY DECIMAL CLASSIFICATION NUMBER
Classification number 364.151 BRA-F
100 ## - MAIN ENTRY--AUTHOR NAME
Personal name Brass, Paul R.
245 #0 - TITLE STATEMENT
Title Forms of collective violence: riots, pogroms, and genocide in modern India
260 ## - PUBLICATION, DISTRIBUTION, ETC. (IMPRINT)
Place of publication Gurgaon
Name of publisher Three Essays Collective
Year of publication 2006
300 ## - PHYSICAL DESCRIPTION
Number of Pages xix,184
650 ## - SUBJECT ADDED ENTRY--TOPICAL TERM
Topical Term Violence
Geographic subdivision India
650 ## - SUBJECT ADDED ENTRY--TOPICAL TERM
Topical Term Riots
Geographic subdivision India
650 ## - SUBJECT ADDED ENTRY--TOPICAL TERM
Topical Term Genocide
Geographic subdivision India
942 ## - ADDED ENTRY ELEMENTS (KOHA)
Koha item type Books
Holdings
Withdrawn status Lost status Damaged status Not for loan Home library Current library Date acquired Bill Date Full call number Accession Number Price effective from Koha item type
        NASSDOC Library NASSDOC Library 31/12/1899 2006-03-06 364.151 BRA-F 43843 18/04/2019 Books